Supervisors' and counsellors' guide to the ACP 2006 (Record no. 107210)
[ view plain ]
| 000 -LEADER | |
|---|---|
| fixed length control field | 01439cam a22002775a 4500 |
| 001 - CONTROL NUMBER | |
| control field | L138590 |
| 008 - FIXED-LENGTH DATA ELEMENTS--GENERAL INFORMATION | |
| fixed length control field | 070625s2007 xxk f 001 0 eng d |
| 020 ## - INTERNATIONAL STANDARD BOOK NUMBER | |
| International Standard Book Number | 1842193244 |
| -- | 9781842193242 |
| 035 ## - SYSTEM CONTROL NUMBER | |
| System control number | (Sirsi) u138590 |
| 041 0# - LANGUAGE CODE | |
| Language code of text/sound track or separate title | eng |
| 050 04 - LIBRARY OF CONGRESS CALL NUMBER | |
| Classification number | 333.3307 $2 18 |
| 100 1# - MAIN ENTRY--PERSONAL NAME | |
| Personal name | Wilkinson, John |
| 245 00 - TITLE STATEMENT | |
| Title | Supervisors' and counsellors' guide to the ACP 2006 |
| Remainder of title | help your candidate to succeed |
| 250 ## - EDITION STATEMENT | |
| Edition statement | 2nd rev. ed. |
| 260 ## - PUBLICATION, DISTRIBUTION, ETC. | |
| Place of publication, distribution, etc. | London |
| Name of publisher, distributor, etc. | RICS Books |
| Date of publication, distribution, etc. | 2007 |
| 300 ## - PHYSICAL DESCRIPTION | |
| Extent | x, 128p. |
| Dimensions | 21cm. |
| 350 ## - PRICE (NR) (BK AM CF MU VM SE) [OBSOLETE] | |
| Price | 29.95 |
| 505 2# - FORMATTED CONTENTS NOTE | |
| Formatted contents note | Introduction to the APC -- Getting the right candidates -- Recruitment: a question of 'fit' -- The role of the supervisor and counsellor -- In detail: supervisor and counsellor duties -- Documentation for the APC -- The competencies -- The mandatory competencies -- Referred candidates and appeals -- Help and advice from RICS |
| 520 ## - SUMMARY, ETC. | |
| Summary, etc. | A second, revised edition of this essential guide to the APC, which is officially endorsed by RICS. Based on the author's experiences, the guide covers the whole process from enrolment to final interview, including referral and the appeal system. It is intended to complement the official RICS guidance. |
| 520 ## - SUMMARY, ETC. | |
| Summary, etc. | Superseded by the third edition (ISBN 9781842194911). |
| 590 ## - LOCAL NOTE (RLIN) | |
| Local note | KA |
| 651 #4 - SUBJECT ADDED ENTRY--GEOGRAPHIC NAME | |
| Geographic name | United Kingdom |
| Chronological subdivision | |
| 690 ## - LOCAL SUBJECT ADDED ENTRY--TOPICAL TERM (OCLC, RLIN) | |
| Topical term or geographic name as entry element | CAREERS, EDUCATION AND TRAINING-QUALIFICATION ROUTES-ASSESSMENT OF PROFESSIONAL COMPETENCE |
| 942 ## - ADDED ENTRY ELEMENTS (KOHA) | |
| Suppress in OPAC | 0 |
| Withdrawn status | Lost status | Source of classification or shelving scheme | Damaged status | Not for loan | Home library | Current library | Shelving location | Date acquired | Total Checkouts | Full call number | Barcode | Date last seen | Date last checked out | Copy number | Price effective from | Koha item type |
|---|---|---|---|---|---|---|---|---|---|---|---|---|---|---|---|---|
| Dewey Decimal Classification | London | London | Basement | 08/08/2007 | 10 | 333.3307 WIL | 30074231 | 06/08/2019 | 16/09/2009 | 3 | 06/08/2019 | Book | ||||
| Dewey Decimal Classification | London | London | RICS Boxes | 16/06/2009 | RICS 2007/31 | 30074229 | 06/08/2019 | 1 | 06/08/2019 | Archive |